00311nam a2200133Ia 4500008004100000041000800041082001700049100001700066245002800083260003300111300000800144365000800152700001700160230718s9999 xx 000 0 und d aeng a294.5'5bYOG aYogananda P. aAutobiography Of A Yogi c1974bJaico Publishing House a511 cRs. aYogananda P.